[Event "DEM U16w 2022"]
[Site "Willingen GER"]
[Date "2022.06.06"]
[Round "3"]
[White "Petersen, Sophie"]
[Black "Pikki, Daria"]
[Result "1/2-1/2"]
[Termination "normal"]
[Board "8"]
[WhiteElo "1653"]
[BlackElo "1638"]
[WhiteClock "00:10:54"]
[BlackClock "00:14:54"]
[PlyCount "112"]
[WhiteFideId "16229380"]
[BlackFideId "16281306"]
[EventCountry "GER"]
[EventRounds "9"]
[EventType "swiss"]
[EventDate "2022.06.04"]

1. e4 {[%clk 1:30:58]} e5 {[%clk 1:30:56]} 2. Nf3 {[%clk 1:31:21]} Nc6 {[%clk
1:31:22]} 3. Bb5 {[%clk 1:31:45]} Nf6 {[%clk 1:31:46]} 4. O-O {[%clk 1:32:11]}
d6 {[%clk 1:31:21]} 5. Re1 {[%clk 1:32:28]} Be7 {[%clk 1:31:05]} 6. d4 {[%clk
1:32:40]} exd4 {[%clk 1:31:05]} 7. Nxd4 {[%clk 1:32:56]} Bd7 {[%clk 1:31:26]}
8. Bxc6 {[%clk 1:32:58]} bxc6 {[%clk 1:31:38]} 9. c4 {[%clk 1:33:19]} c5 {[%clk
1:24:58]} 10. Nf5 {[%clk 1:33:18]} O-O {[%clk 1:22:41]} 11. Qf3 {[%clk
1:31:58]} Bxf5 {[%clk 1:18:06]} 12. exf5 {[%clk 1:31:49]} Re8 {[%clk 1:17:45]}
13. Nc3 {[%clk 1:29:04]} Qd7 {[%clk 1:16:37]} 14. b3 {[%clk 1:24:26]} c6 {[%clk
1:13:02]} 15. Bb2 {[%clk 1:22:00]} d5 {[%clk 1:11:00]} 16. Rad1 {[%clk
1:21:20]} Rad8 {[%clk 1:09:54]} 17. Na4 {[%clk 1:18:51]} d4 {[%clk 1:06:05]}
18. Ba3 {[%clk 1:16:39]} Qc7 {[%clk 1:03:36]} 19. g3 {[%clk 1:13:34]} Nd7
{[%clk 1:02:40]} 20. Re2 {[%clk 1:05:28]} Ne5 {[%clk 0:58:14]} 21. Qg2 {[%clk
0:58:29]} Nd7 {[%clk 0:52:00]} 22. f4 {[%clk 0:52:32]} Bf8 {[%clk 0:50:16]} 23.
Rde1 {[%clk 0:47:10]} Rxe2 {[%clk 0:48:53]} 24. Qxe2 {[%clk 0:46:49]} Qa5
{[%clk 0:47:49]} 25. Bc1 {[%clk 0:41:38]} Nf6 {[%clk 0:46:20]} 26. Bd2 {[%clk
0:39:17]} Qc7 {[%clk 0:46:07]} 27. Qd3 {[%clk 0:38:05]} Qd7 {[%clk 0:38:41]}
28. Ba5 {[%clk 0:36:00]} Re8 {[%clk 0:38:29]} 29. Nb2 {[%clk 0:34:41]} Rxe1+
{[%clk 0:33:40]} 30. Bxe1 {[%clk 0:35:04]} Ng4 {[%clk 0:33:40]} 31. Bd2 {[%clk
0:33:23]} Nh6 {[%clk 0:32:27]} 32. f6 {[%clk 0:30:22]} g6 {[%clk 0:30:37]} 33.
Qf3 {[%clk 0:28:54]} Qe6 {[%clk 0:26:50]} 34. Nd3 {[%clk 0:27:57]} Ng4 {[%clk
0:25:07]} 35. h3 {[%clk 0:24:01]} Nxf6 {[%clk 0:24:58]} 36. Nf2 {[%clk
0:20:47]} h5 {[%clk 0:22:24]} 37. g4 {[%clk 0:19:34]} hxg4 {[%clk 0:20:03]} 38.
hxg4 {[%clk 0:19:47]} Ne8 {[%clk 0:18:41]} 39. Ne4 {[%clk 0:16:31]} Nf6 {[%clk
0:15:04]} 40. Nf2 {[%clk 0:14:49]} Ne8 {[%clk 0:13:31]} 41. f5 {[%clk 0:01:37]}
Qd7 {[%clk 0:06:48]} 42. Ne4 {[%clk 0:00:37]} gxf5 {[%clk 0:03:36]} 43. gxf5
{[%clk 0:00:48]} f6 {[%clk 0:03:17]} 44. Qh5 {[%clk 0:29:26]} Qe7 {[%clk
0:29:39]} 45. Qh4 {[%clk 0:27:20]} Qf7 {[%clk 0:24:13]} 46. Kf2 {[%clk
0:25:21]} Be7 {[%clk 0:22:47]} 47. Bh6 {[%clk 0:24:06]} Bf8 {[%clk 0:21:00]}
48. Bf4 {[%clk 0:22:37]} Qe7 {[%clk 0:19:21]} 49. Bd2 {[%clk 0:21:31]} Qh7
{[%clk 0:17:26]} 50. Nxf6+ {[%clk 0:14:08]} Nxf6 {[%clk 0:17:42]} 51. Qxf6
{[%clk 0:14:30]} Qh2+ {[%clk 0:16:47]} 52. Ke1 {[%clk 0:12:28]} Qg1+ {[%clk
0:16:45]} 53. Ke2 {[%clk 0:12:39]} Qg2+ {[%clk 0:15:27]} 54. Ke1 {[%clk
0:10:19]} Qg1+ {[%clk 0:14:29]} 55. Ke2 {[%clk 0:10:38]} Qg2+ {[%clk 0:14:54]}
56. Ke1 {[%clk 0:10:54]} Qg1+ 1/2-1/2

[Event "DEM U16w 2022"]
[Site "Willingen GER"]
[Date "2022.06.06"]
[Round "3"]
[White "Sarian, Gaya"]
[Black "Racky, Selina"]
[Result "1/2-1/2"]
[Termination "normal"]
[Board "9"]
[WhiteElo "1181"]
[BlackElo "1424"]
[WhiteClock "00:01:53"]
[BlackClock "00:52:26"]
[PlyCount "112"]
[WhiteFideId "16266161"]
[BlackFideId "16239440"]
[EventCountry "GER"]
[EventRounds "9"]
[EventType "swiss"]
[EventDate "2022.06.04"]

1. e4 {[%clk 1:30:55]} e5 {[%clk 1:30:59]} 2. Nf3 {[%clk 1:31:09]} Nc6 {[%clk
1:31:24]} 3. Bc4 {[%clk 1:31:16]} Bc5 {[%clk 1:31:46]} 4. c3 {[%clk 1:30:44]}
Nf6 {[%clk 1:32:12]} 5. d3 {[%clk 1:29:04]} d6 {[%clk 1:31:08]} 6. O-O {[%clk
1:28:23]} h6 {[%clk 1:31:27]} 7. Be3 {[%clk 1:22:01]} Bb6 {[%clk 1:30:44]} 8.
Nbd2 {[%clk 1:19:52]} O-O {[%clk 1:29:08]} 9. Re1 {[%clk 1:16:55]} Bg4 {[%clk
1:22:40]} 10. Rc1 {[%clk 1:04:54]} Qe7 {[%clk 1:13:49]} 11. Qc2 {[%clk
0:59:50]} Bxe3 {[%clk 1:03:35]} 12. Rxe3 {[%clk 0:58:06]} Na5 {[%clk 1:03:19]}
13. Bb3 {[%clk 0:54:26]} Nxb3 {[%clk 1:02:31]} 14. Nxb3 {[%clk 0:54:00]} c6
{[%clk 1:02:19]} 15. h3 {[%clk 0:45:25]} Be6 {[%clk 1:01:28]} 16. Rd1 {[%clk
0:39:34]} Rad8 {[%clk 0:58:38]} 17. d4 {[%clk 0:35:36]} Qc7 {[%clk 0:56:53]}
18. dxe5 {[%clk 0:27:23]} dxe5 {[%clk 0:56:18]} 19. Rxd8 {[%clk 0:21:31]} Rxd8
{[%clk 0:56:31]} 20. Nfd2 {[%clk 0:17:01]} Qd6 {[%clk 0:55:33]} 21. Re2 {[%clk
0:14:25]} Nh5 {[%clk 0:55:11]} 22. Nf3 {[%clk 0:07:50]} Qd1+ {[%clk 0:46:27]}
23. Qxd1 {[%clk 0:06:02]} Rxd1+ {[%clk 0:46:52]} 24. Kh2 {[%clk 0:05:34]} Bxb3
{[%clk 0:46:52]} 25. axb3 {[%clk 0:05:58]} Nf4 {[%clk 0:47:14]} 26. Re1 {[%clk
0:04:42]} Rxe1 {[%clk 0:45:35]} 27. Nxe1 {[%clk 0:05:07]} Kf8 {[%clk 0:43:42]}
28. g3 {[%clk 0:03:57]} Ne6 {[%clk 0:44:10]} 29. Nd3 {[%clk 0:03:31]} f6 {[%clk
0:44:11]} 30. Kg2 {[%clk 0:02:48]} Ke7 {[%clk 0:44:14]} 31. b4 {[%clk 0:02:11]}
b6 {[%clk 0:42:57]} 32. h4 {[%clk 0:01:56]} Kd6 {[%clk 0:43:05]} 33. Kf3 {[%clk
0:00:44]} g6 {[%clk 0:42:21]} 34. Ke3 {[%clk 0:00:52]} c5 {[%clk 0:39:53]} 35.
bxc5+ Nxc5 {[%clk 0:40:21]} 36. Nb4 {[%clk 0:00:32]} Na4 {[%clk 0:38:56]} 37.
Nd5 {[%clk 0:00:34]} Nxb2 {[%clk 0:39:04]} 38. Nxf6 {[%clk 0:00:54]} Nd1+
{[%clk 0:39:09]} 39. Ke2 {[%clk 0:00:33]} Nxc3+ {[%clk 0:39:17]} 40. Kd2 {[%clk
0:00:38]} Nb5 {[%clk 0:38:25]} 41. f4 {[%clk 0:00:34]} Nc7 {[%clk 0:35:12]} 42.
Ng4 {[%clk 0:28:27]} exf4 {[%clk 1:03:46]} 43. gxf4 {[%clk 0:28:42]} Ne6 {[%clk
1:00:32]} 44. f5 {[%clk 0:18:10]} gxf5 {[%clk 0:55:34]} 45. exf5 {[%clk
0:18:07]} Nd4 {[%clk 0:55:54]} 46. Nxh6 {[%clk 0:12:51]} Nf3+ {[%clk 0:56:00]}
47. Kc3 {[%clk 0:09:38]} Nxh4 {[%clk 0:56:20]} 48. Kb4 {[%clk 0:03:14]} a6
{[%clk 0:51:49]} 49. f6 {[%clk 0:01:58]} Ng6 {[%clk 0:52:03]} 50. f7 {[%clk
0:00:57]} Ke7 {[%clk 0:52:23]} 51. Nf5+ {[%clk 0:01:00]} Kxf7 {[%clk 0:51:32]}
52. Nd6+ {[%clk 0:01:17]} Ke6 {[%clk 0:51:58]} 53. Nc8 {[%clk 0:01:21]} b5
{[%clk 0:51:36]} 54. Na7 {[%clk 0:01:36]} Nh4 {[%clk 0:51:57]} 55. Nxb5 {[%clk
0:01:53]} axb5 {[%clk 0:52:26]} 56. Kxb5 Ke5 1/2-1/2

[Event "DEM U16w 2022"]
[Site "Willingen GER"]
[Date "2022.06.06"]
[Round "3"]
[White "Duchstein, Anna"]
[Black "Köpnick, Amanda"]
[Result "1-0"]
[Termination "normal"]
[Board "10"]
[WhiteElo "1661"]
[BlackElo "1162"]
[WhiteClock "00:35:57"]
[BlackClock "00:38:24"]
[PlyCount "75"]
[WhiteFideId "16261372"]
[BlackFideId "34618538"]
[EventCountry "GER"]
[EventRounds "9"]
[EventType "swiss"]
[EventDate "2022.06.04"]

1. e4 {[%clk 1:30:59]} e5 {[%clk 1:30:50]} 2. Nf3 {[%clk 1:31:23]} Nc6 {[%clk
1:31:09]} 3. c3 {[%clk 1:31:49]} d6 {[%clk 1:30:24]} 4. d4 {[%clk 1:29:11]} Bg4
{[%clk 1:26:09]} 5. Bb5 {[%clk 1:21:45]} a6 {[%clk 1:23:14]} 6. Bxc6+ {[%clk
1:21:31]} bxc6 {[%clk 1:23:29]} 7. dxe5 {[%clk 1:16:37]} Bxf3 {[%clk 1:22:11]}
8. Qxf3 {[%clk 1:15:32]} dxe5 {[%clk 1:22:23]} 9. Nd2 {[%clk 1:13:05]} Nf6
{[%clk 1:17:26]} 10. Nc4 {[%clk 1:10:13]} Bd6 {[%clk 1:14:17]} 11. Bg5 {[%clk
0:58:25]} O-O {[%clk 1:12:00]} 12. Bxf6 {[%clk 0:57:31]} Qxf6 {[%clk 1:12:10]}
13. Qxf6 {[%clk 0:57:56]} gxf6 {[%clk 1:12:25]} 14. O-O-O {[%clk 0:56:44]} Rad8
{[%clk 1:09:12]} 15. Na5 {[%clk 0:55:56]} c5 {[%clk 1:07:35]} 16. Nb7 {[%clk
0:55:15]} Rb8 {[%clk 0:57:19]} 17. Nxd6 {[%clk 0:54:44]} cxd6 {[%clk 0:57:40]}
18. Rxd6 {[%clk 0:55:00]} Kg7 {[%clk 0:55:29]} 19. Rxa6 {[%clk 0:54:47]} Kg6
{[%clk 0:53:16]} 20. Rd1 {[%clk 0:52:33]} Kg5 {[%clk 0:52:08]} 21. Rdd6 {[%clk
0:48:06]} f5 {[%clk 0:51:39]} 22. exf5 {[%clk 0:47:14]} Kxf5 {[%clk 0:51:40]}
23. Rac6 {[%clk 0:43:05]} Rbc8 {[%clk 0:50:08]} 24. b4 {[%clk 0:41:51]} cxb4
{[%clk 0:49:47]} 25. cxb4 {[%clk 0:42:12]} Ra8 {[%clk 0:48:50]} 26. Kb2 {[%clk
0:41:46]} Ra7 {[%clk 0:47:44]} 27. Ra6 {[%clk 0:40:45]} Rxa6 {[%clk 0:46:29]}
28. Rxa6 {[%clk 0:41:09]} Rd8 {[%clk 0:46:42]} 29. Rc6 {[%clk 0:40:31]} Ke4
{[%clk 0:44:31]} 30. b5 {[%clk 0:38:56]} Kd5 {[%clk 0:43:40]} 31. a4 {[%clk
0:37:35]} Ra8 {[%clk 0:43:18]} 32. Kb3 {[%clk 0:37:25]} f5 {[%clk 0:43:04]} 33.
Kb4 {[%clk 0:36:38]} e4 {[%clk 0:41:34]} 34. Rc5+ {[%clk 0:36:11]} Ke6 {[%clk
0:41:40]} 35. b6 {[%clk 0:35:48]} f4 {[%clk 0:40:31]} 36. a5 {[%clk 0:35:27]}
e3 {[%clk 0:38:03]} 37. fxe3 {[%clk 0:35:42]} fxe3 {[%clk 0:38:24]} 38. Rc3
{[%clk 0:35:57]} 1-0

[Event "DEM U16w 2022"]
[Site "Willingen GER"]
[Date "2022.06.06"]
[Round "3"]
[White "Alhassan, Jodi"]
[Black "Dohon, Maria-Johanna"]
[Result "1-0"]
[Termination "normal"]
[Board "11"]
[WhiteElo "1225"]
[BlackElo "1578"]
[WhiteClock "00:08:19"]
[BlackClock "00:25:12"]
[PlyCount "102"]
[WhiteFideId "16250460"]
[BlackFideId "34600957"]
[EventCountry "GER"]
[EventRounds "9"]
[EventType "swiss"]
[EventDate "2022.06.04"]

1. e4 {[%clk 1:30:54]} c6 {[%clk 1:30:54]} 2. d4 {[%clk 1:31:19]} d5 {[%clk
1:31:17]} 3. exd5 {[%clk 1:31:40]} cxd5 {[%clk 1:31:39]} 4. Bd3 {[%clk
1:31:52]} Nc6 {[%clk 1:31:20]} 5. c3 {[%clk 1:32:01]} Nf6 {[%clk 1:31:03]} 6.
Bf4 {[%clk 1:31:14]} Bg4 {[%clk 1:26:26]} 7. Qb3 {[%clk 1:26:27]} Qd7 {[%clk
1:19:50]} 8. Nd2 {[%clk 1:13:10]} e6 {[%clk 1:10:35]} 9. Ngf3 {[%clk 1:09:51]}
Bxf3 {[%clk 1:05:20]} 10. Nxf3 {[%clk 1:10:00]} Nh5 {[%clk 0:45:58]} 11. Be3
{[%clk 0:24:31]} Bd6 {[%clk 0:43:59]} 12. O-O {[%clk 0:19:33]} Rc8 {[%clk
0:38:39]} 13. a3 {[%clk 0:14:20]} a6 {[%clk 0:32:28]} 14. Qc2 {[%clk 0:11:19]}
h6 {[%clk 0:25:37]} 15. Nh4 {[%clk 0:01:25]} O-O {[%clk 0:15:57]} 16. Qd2
{[%clk 0:00:47]} Qe7 {[%clk 0:13:06]} 17. Nf3 {[%clk 0:00:44]} Qf6 {[%clk
0:09:49]} 18. Rae1 {[%clk 0:00:36]} Nf4 {[%clk 0:06:23]} 19. Bxf4 {[%clk
0:00:46]} Bxf4 {[%clk 0:06:11]} 20. Qe2 {[%clk 0:00:50]} Bd6 {[%clk 0:01:35]}
21. Ne5 {[%clk 0:00:46]} Bxe5 {[%clk 0:01:26]} 22. dxe5 {[%clk 0:01:07]} Qe7
{[%clk 0:01:10]} 23. Qg4 {[%clk 0:00:48]} Qg5 {[%clk 0:00:49]} 24. Qxg5 {[%clk
0:01:04]} hxg5 {[%clk 0:01:18]} 25. Re3 {[%clk 0:00:37]} Rfe8 {[%clk 0:00:45]}
26. Rfe1 {[%clk 0:00:38]} Kf8 {[%clk 0:00:37]} 27. Rh3 {[%clk 0:00:40]} f6
{[%clk 0:00:35]} 28. exf6 {[%clk 0:00:53]} gxf6 {[%clk 0:01:03]} 29. Rh6 {[%clk
0:00:56]} Kg7 {[%clk 0:01:07]} 30. Rh7+ {[%clk 0:01:17]} Kg8 {[%clk 0:00:49]}
31. Rxb7 {[%clk 0:01:32]} Na5 {[%clk 0:00:36]} 32. Rb6 {[%clk 0:01:01]} Nc4
{[%clk 0:00:35]} 33. Bxc4 {[%clk 0:01:17]} dxc4 {[%clk 0:00:59]} 34. Rbxe6
{[%clk 0:01:07]} Rxe6 {[%clk 0:00:46]} 35. Rxe6 {[%clk 0:01:34]} Rd8 {[%clk
0:00:50]} 36. g3 {[%clk 0:01:29]} Kf7 {[%clk 0:00:46]} 37. Rxa6 {[%clk
0:01:33]} Rb8 {[%clk 0:00:39]} 38. Rc6 {[%clk 0:01:10]} Rxb2 {[%clk 0:00:52]}
39. Rxc4 {[%clk 0:01:33]} Rb3 {[%clk 0:00:46]} 40. a4 {[%clk 0:01:12]} Ra3
{[%clk 0:01:08]} 41. Kf1 {[%clk 0:00:42]} Ke6 {[%clk 0:00:54]} 42. Ke2 {[%clk
0:17:39]} Kd5 {[%clk 0:29:10]} 43. Kd3 {[%clk 0:15:05]} Ra2 {[%clk 0:29:14]}
44. Rd4+ {[%clk 0:15:20]} Kc5 {[%clk 0:29:01]} 45. f4 {[%clk 0:09:59]} g4
{[%clk 0:25:56]} 46. f5 {[%clk 0:09:39]} Rxh2 {[%clk 0:25:23]} 47. Rxg4 {[%clk
0:10:03]} Rg2 {[%clk 0:25:20]} 48. Rg6 {[%clk 0:08:16]} Rg1 {[%clk 0:25:09]}
49. Rxf6 {[%clk 0:07:52]} Rxg3+ {[%clk 0:25:24]} 50. Kc2 {[%clk 0:07:59]} Rg2+
{[%clk 0:25:12]} 51. Kb3 {[%clk 0:08:19]} Kd5 1-0

[Event "DEM U16w 2022"]
[Site "Willingen GER"]
[Date "2022.06.06"]
[Round "3"]
[White "Einacker, Anika"]
[Black "Miriieva, Amina"]
[Result "1-0"]
[Termination "normal"]
[Board "12"]
[WhiteElo "1160"]
[BlackElo "1155"]
[WhiteClock "00:09:39"]
[BlackClock "00:10:57"]
[PlyCount "107"]
[WhiteFideId "34620591"]
[BlackFideId "34154957"]
[EventCountry "GER"]
[EventRounds "9"]
[EventType "swiss"]
[EventDate "2022.06.04"]

1. e4 {[%clk 1:30:57]} e5 {[%clk 1:30:51]} 2. Nf3 {[%clk 1:31:20]} Nc6 {[%clk
1:31:11]} 3. Bc4 {[%clk 1:31:37]} Nf6 {[%clk 1:31:15]} 4. d3 {[%clk 1:30:54]}
h6 {[%clk 1:30:54]} 5. c3 {[%clk 1:28:58]} d6 {[%clk 1:29:30]} 6. Nbd2 {[%clk
1:27:26]} Be7 {[%clk 1:29:23]} 7. O-O {[%clk 1:26:43]} O-O {[%clk 1:29:37]} 8.
Re1 {[%clk 1:26:22]} Bg4 {[%clk 1:28:20]} 9. h3 {[%clk 1:25:05]} Bh5 {[%clk
1:27:37]} 10. Nf1 {[%clk 1:21:26]} Qd7 {[%clk 1:20:17]} 11. Ng3 {[%clk
1:15:04]} Bxf3 {[%clk 1:11:16]} 12. Qxf3 {[%clk 1:13:59]} Nd8 {[%clk 1:10:52]}
13. Nf5 {[%clk 1:13:08]} Ne6 {[%clk 0:48:30]} 14. Qg3 {[%clk 0:54:16]} Ne8
{[%clk 0:41:00]} 15. Bxh6 {[%clk 0:52:52]} Bf6 {[%clk 0:36:39]} 16. h4 {[%clk
0:45:09]} Kh7 {[%clk 0:35:30]} 17. Bd2 {[%clk 0:42:36]} g6 {[%clk 0:34:41]} 18.
Nh6 {[%clk 0:38:08]} Qe7 {[%clk 0:33:19]} 19. h5 {[%clk 0:30:35]} g5 {[%clk
0:28:02]} 20. Nf5 {[%clk 0:30:19]} Qd7 {[%clk 0:27:39]} 21. Bxe6 {[%clk
0:28:52]} fxe6 {[%clk 0:26:22]} 22. Ne3 {[%clk 0:28:54]} Qg7 {[%clk 0:24:39]}
23. Ng4 {[%clk 0:26:58]} Be7 {[%clk 0:23:42]} 24. Nh2 {[%clk 0:21:59]} Qh6
{[%clk 0:22:11]} 25. Qg4 {[%clk 0:19:44]} Rd8 {[%clk 0:17:41]} 26. Nf3 {[%clk
0:19:43]} Rg8 {[%clk 0:17:36]} 27. a4 {[%clk 0:18:02]} c6 {[%clk 0:16:29]} 28.
Kf1 {[%clk 0:17:33]} Rd7 {[%clk 0:14:35]} 29. Ke2 {[%clk 0:17:11]} Nc7 {[%clk
0:13:43]} 30. Rh1 {[%clk 0:16:45]} Bd8 {[%clk 0:11:40]} 31. b4 {[%clk 0:14:50]}
Rdg7 {[%clk 0:07:36]} 32. Be3 {[%clk 0:13:44]} a6 {[%clk 0:05:59]} 33. a5
{[%clk 0:10:35]} Bf6 {[%clk 0:05:24]} 34. Bb6 {[%clk 0:09:49]} Bd8 {[%clk
0:04:32]} 35. Nd2 {[%clk 0:08:19]} Nb5 {[%clk 0:03:14]} 36. c4 {[%clk 0:06:10]}
Bxb6 {[%clk 0:03:11]} 37. axb6 {[%clk 0:05:02]} Nd4+ {[%clk 0:03:26]} 38. Kd1
{[%clk 0:04:34]} Rf7 {[%clk 0:03:22]} 39. f3 {[%clk 0:02:11]} Rf4 {[%clk
0:02:38]} 40. Qg3 {[%clk 0:01:06]} Rg7 {[%clk 0:02:52]} 41. Rb1 {[%clk
0:26:04]} g4 {[%clk 0:31:31]} 42. Qf2 {[%clk 0:23:26]} Rg5 {[%clk 0:27:51]} 43.
g3 {[%clk 0:21:11]} Rf6 {[%clk 0:26:11]} 44. f4 {[%clk 0:19:46]} Rxh5 {[%clk
0:25:08]} 45. Rxh5 {[%clk 0:19:45]} Qxh5 {[%clk 0:25:35]} 46. Kc1 {[%clk
0:18:38]} Nf3 {[%clk 0:20:19]} 47. Nxf3 {[%clk 0:14:46]} gxf3 {[%clk 0:20:24]}
48. fxe5 {[%clk 0:14:58]} Qxe5 {[%clk 0:20:12]} 49. Kc2 {[%clk 0:14:39]} d5
{[%clk 0:19:37]} 50. Rh1+ {[%clk 0:14:48]} Kg7 {[%clk 0:17:52]} 51. Qh2 {[%clk
0:10:57]} Rf8 {[%clk 0:12:34]} 52. Qh7+ {[%clk 0:09:26]} Kf6 {[%clk 0:12:05]}
53. Rh6+ {[%clk 0:09:39]} Kg5 {[%clk 0:10:57]} 54. Qg6# 1-0

[Event "DEM U16w 2022"]
[Site "Willingen GER"]
[Date "2022.06.07"]
[Round "4"]
[White "Voigt, Anastasia"]
[Black "Prinzen, Siri Marleen"]
[Result "1/2-1/2"]
[Termination "normal"]
[Board "1"]
[WhiteElo "1665"]
[BlackElo "1744"]
[WhiteClock "00:29:04"]
[BlackClock "00:50:51"]
[PlyCount "90"]
[WhiteFideId "16235223"]
[BlackFideId "16265912"]
[EventCountry "GER"]
[EventRounds "9"]
[EventType "swiss"]
[EventDate "2022.06.04"]

1. e4 {[%clk 1:30:58]} c6 {[%clk 1:30:54]} 2. d4 {[%clk 1:31:22]} d5 {[%clk
1:31:20]} 3. Nd2 {[%clk 1:31:46]} dxe4 {[%clk 1:31:44]} 4. Nxe4 {[%clk
1:32:10]} Nf6 {[%clk 1:32:08]} 5. Nxf6+ {[%clk 1:32:33]} exf6 {[%clk 1:32:32]}
6. c3 {[%clk 1:32:59]} Bd6 {[%clk 1:32:48]} 7. Bd3 {[%clk 1:33:17]} O-O {[%clk
1:33:03]} 8. Qc2 {[%clk 1:33:43]} Re8+ {[%clk 1:33:11]} 9. Ne2 {[%clk 1:34:07]}
h5 {[%clk 1:31:51]} 10. Be3 {[%clk 1:34:28]} Be6 {[%clk 1:30:05]} 11. c4 {[%clk
1:32:19]} Bb4+ {[%clk 1:28:28]} 12. Nc3 {[%clk 1:29:12]} Qa5 {[%clk 1:25:42]}
13. O-O {[%clk 1:27:06]} Bxc3 {[%clk 1:24:08]} 14. Qxc3 {[%clk 1:25:21]} Qxc3
{[%clk 1:24:14]} 15. bxc3 {[%clk 1:25:46]} Nd7 {[%clk 1:23:55]} 16. Rab1 {[%clk
1:20:44]} Nb6 {[%clk 1:21:02]} 17. Rb4 {[%clk 1:19:48]} Rad8 {[%clk 1:19:16]}
18. Be2 {[%clk 1:18:35]} h4 {[%clk 1:16:53]} 19. h3 {[%clk 1:15:47]} Re7 {[%clk
1:12:57]} 20. Rfb1 {[%clk 1:12:00]} Rc7 {[%clk 1:08:16]} 21. a4 {[%clk
1:09:48]} Bc8 {[%clk 1:02:40]} 22. a5 {[%clk 1:08:40]} Na8 {[%clk 1:02:02]} 23.
Bf3 {[%clk 0:55:10]} a6 {[%clk 0:57:17]} 24. c5 {[%clk 0:47:35]} Re7 {[%clk
0:55:52]} 25. Bf4 {[%clk 0:42:22]} g5 {[%clk 0:54:05]} 26. Bd6 {[%clk 0:41:28]}
Ree8 {[%clk 0:52:00]} 27. Ra1 {[%clk 0:26:04]} f5 {[%clk 0:48:45]} 28. Kf1
{[%clk 0:25:18]} Rd7 {[%clk 0:47:09]} 29. Rab1 {[%clk 0:23:45]} Nc7 {[%clk
0:36:43]} 30. Rxb7 {[%clk 0:19:30]} Nd5 {[%clk 0:35:20]} 31. Rxd7 {[%clk
0:15:46]} Bxd7 {[%clk 0:35:45]} 32. Rb7 {[%clk 0:14:37]} Be6 {[%clk 0:35:55]}
33. Bxd5 {[%clk 0:05:57]} Bxd5 {[%clk 0:36:13]} 34. Be7 {[%clk 0:04:00]} Bc4+
{[%clk 0:35:30]} 35. Kg1 {[%clk 0:04:01]} g4 {[%clk 0:34:35]} 36. Rb4 {[%clk
0:01:54]} Rxe7 {[%clk 0:27:13]} 37. Rxc4 {[%clk 0:02:19]} Re1+ {[%clk 0:27:13]}
38. Kh2 {[%clk 0:02:44]} Rc1 {[%clk 0:25:23]} 39. hxg4 {[%clk 0:02:23]} fxg4
{[%clk 0:25:48]} 40. d5 {[%clk 0:02:01]} g3+ {[%clk 0:24:42]} 41. fxg3 {[%clk
0:02:24]} hxg3+ {[%clk 0:25:07]} 42. Kh3 {[%clk 0:02:35]} cxd5 {[%clk 0:25:04]}
43. Rg4+ {[%clk 0:02:49]} Kf8 {[%clk 0:25:14]} 44. Rxg3 {[%clk 0:02:21]} Ke7
{[%clk 0:24:41]} 45. Kg4 {[%clk 0:29:04]} Kd7 {[%clk 0:50:51]} 1/2-1/2

[Event "DEM U16w 2022"]
[Site "Willingen GER"]
[Date "2022.06.07"]
[Round "4"]
[White "Werner, Rosalie"]
[Black "Pohle, Saskia"]
[Result "0-1"]
[Termination "normal"]
[Board "2"]
[WhiteElo "1706"]
[BlackElo "1827"]
[WhiteClock "00:12:41"]
[BlackClock "00:34:38"]
[PlyCount "54"]
[WhiteFideId "16223748"]
[BlackFideId "16201604"]
[EventCountry "GER"]
[EventRounds "9"]
[EventType "swiss"]
[EventDate "2022.06.04"]

1. e4 {[%clk 1:30:57]} e5 {[%clk 1:30:54]} 2. Nf3 {[%clk 1:31:23]} Nc6 {[%clk
1:31:19]} 3. Bb5 {[%clk 1:31:48]} a6 {[%clk 1:31:43]} 4. Ba4 {[%clk 1:32:14]}
Nf6 {[%clk 1:32:02]} 5. O-O {[%clk 1:32:36]} Be7 {[%clk 1:32:14]} 6. Re1 {[%clk
1:32:57]} b5 {[%clk 1:32:38]} 7. Bb3 {[%clk 1:33:22]} O-O {[%clk 1:32:58]} 8.
a4 {[%clk 1:33:43]} b4 {[%clk 1:33:13]} 9. d4 {[%clk 1:34:02]} Nxd4 {[%clk
1:26:26]} 10. Nxd4 {[%clk 1:32:31]} exd4 {[%clk 1:26:48]} 11. e5 {[%clk
1:32:53]} Ne8 {[%clk 1:27:14]} 12. Qxd4 {[%clk 1:32:51]} c5 {[%clk 1:25:17]}
13. Qe4 {[%clk 1:29:11]} Rb8 {[%clk 1:24:49]} 14. a5 {[%clk 1:25:05]} Bb7
{[%clk 1:23:18]} 15. Qg4 {[%clk 1:21:06]} d5 {[%clk 1:19:03]} 16. exd6 {[%clk
1:13:17]} Bxd6 {[%clk 1:17:41]} 17. Nd2 {[%clk 0:55:47]} Nf6 {[%clk 1:15:20]}
18. Qh4 {[%clk 0:53:13]} Re8 {[%clk 1:08:43]} 19. Rf1 {[%clk 0:50:18]} Qc7
{[%clk 1:06:09]} 20. h3 {[%clk 0:45:12]} Kh8 {[%clk 0:54:56]} 21. Nc4 {[%clk
0:33:03]} Re4 {[%clk 0:49:14]} 22. Qg5 {[%clk 0:32:15]} h6 {[%clk 0:47:17]} 23.
Qf5 {[%clk 0:28:39]} Rxc4 {[%clk 0:45:38]} 24. Bxh6 {[%clk 0:21:53]} Rf4 {[%clk
0:36:44]} 25. Bxf4 {[%clk 0:20:59]} Bxf4 {[%clk 0:37:00]} 26. Rfe1 {[%clk
0:19:23]} c4 {[%clk 0:36:32]} 27. Re7 {[%clk 0:12:41]} Bh2+ {[%clk 0:34:38]}
0-1